Vista normal
Vista MARC
Entrada Nombre de reunión
Número de registros utilizados en: 1
001 - NÚMERO DE CONTROL
- campo de control: 88223
003 - IDENTIFICADOR DEL NÚMERO DE CONTROL
- campo de control: DO-SdBNP
005 - FECHA Y HORA DE LA ÚLTIMA TRANSACCIÓN
- campo de control: 20250630153737.0
008 - DATOS DE LONGITUD FIJA
- campo de control de longitud fija: 250630|| aca||aabn | a|a d
040 ## - FUENTE DE LA CATALOGACIÓN
- Centro catalogador/agencia de origen: DO-SdBNP
- Centro/agencia transcriptor: DO-SdBNP
111 ## - ENCABEZAMIENTO--NOMBRE DE CONGRESO/REUNIÓN
- Nombre de congreso/reunión o jurisdicción como elemento de entrada: Jornada Nacional Capacitación Municipal
- Sede del congreso/Lugar de la reunión: (Santo Domingo? :
- Fecha del congreso/reunión: 2006?)
670 ## - FUENTE DE DATOS ENCONTRADOS
- Cita de la fuente: Work cat.: (DO-SdBNP)59403: Jornada Nacional Capacitación Municipal (Santo Domingo? : 2006?), Realidades y desafíos de la gestión municipal en el marco de la reforma y modernización del Estado /
